The Pan-tastic Quiz - Statistics

General Stats
  • This quiz has been taken 7 times
  • The average score is 15 of 40
Answer Stats
Hint Answer % Correct
Widespread disease Pandemic
100%
Wide view Panorama
100%
Flat foodstuff Pancake
83%
Endocrine gland Pancreas
83%
Chinese bear Panda
83%
Roman temple Pantheon
83%
Sickness cure Panacea
67%
Famous isthmus Panama
67%
Chaotic uproar Pandemonium
67%
Cooking method Panfry
67%
Ancient supercontinent Pangea
67%
Garden flower Pansy
67%
Stealthy feline Panther
67%
Food closet Pantry
67%
Italian bacon Pancetta
50%
Cater to Pander
50%
Handy hosiery Pantyhose
50%
First woman Pandora
33%
Scaly anteater Pangolin
33%
Territorial strip Panhandle
33%
Bike carrier Pannier
33%
Tubular instrument Panpipes
33%
Baggy trousers Pantaloons
33%
Musical comedy Pantomime
33%
Flamboyant style Panache
17%
Folded pizza Panini
17%
Universal belief Pantheism
17%
Matching ensemble Pantsuit
17%
Nazi tank Panzer
17%
Thin cigar Panatella
0%
Full spectrum Panchromatic
0%
Apple dessert Pandowdy
0%
Public tribute Panegyric
0%
Wall cover Panelling
0%
Sweet bread Panettone
0%
Flower bunch Panicle
0%
Pretentious individual Panjandrum
0%
Complete display Panoply
0%
Moving van Pantechnicon
0%
Effeminate person Pantywaist
0%
No matching quizzes found
Score Distribution
Percent of People with Each Score
Percentile by Number Answered
Your Score History
You have not taken this quiz